000 00595nam a22002177a 4500
003 UA-OsUOA
001 63467
007 ta
008 20091006b un ||||| |||| 00| 0 ukr d
100 _aДержавний комітет статистики
090 _a330(477)
_bД36
942 _cSA
040 _aUA-OsUOA
_bukr
_cUA-OsUOA
_dUA-OsUOA
245 _aЕкономіка України за січень-серпень 2009 року
300 _aС.10
955 _a0
041 _aukr
080 _a330(477)
773 0 _w63466
650 7 _a330 Економіка взагалі
_2UDC
999 _c349595
_d349595